|
|
|
|
| LEADER |
00000nas a2200000 i 4500 |
| 001 |
ssj0001507134 |
| 003 |
WaSeSS |
| 005 |
20200512172242.0 |
| 006 |
m d |
| 007 |
cr n |
| 008 |
150507u20uuuuuusp ar p|s|||||| |0glg d |
| 022 |
|
|
|a 1989-4554
|l 1139-1146
|y 1139-1146
|
| 035 |
|
|
|a (WaSeSS)ssj0001507134
|
| 040 |
|
|
|a WaSeSS
|b eng
|c WaSeSS
|d WaSeSS
|
| 050 |
|
4 |
|a P9
|
| 210 |
1 |
|
|a Rev. investig. lingüíst.
|b (Internet)
|
| 222 |
|
0 |
|a Revista de investigación lingüística
|b (Internet)
|
| 245 |
0 |
0 |
|a Revista de investigación lingüística
|h [electronic resource].
|
| 260 |
|
|
|a Murcia, Spain :
|b Servicio de Publicaciones, Universidad de Murcia
|
| 310 |
|
|
|a Annual
|
| 506 |
|
|
|a License restrictions may limit access.
|
| 588 |
|
|
|a Description based on: (16) (2013); title from title screen (ProQuest, viewed May 7, 2015).
|
| 588 |
|
|
|a Latest issue consulted: (16) (2013) (viewed May 7, 2015).
|
| 650 |
|
0 |
|a Philology
|v Periodicals.
|
| 650 |
|
0 |
|a Linguistics
|v Periodicals.
|
| 655 |
|
0 |
|a Electronic journals.
|
| 776 |
0 |
8 |
|i Print version:
|t Revista de investigación lingüística
|x 1139-1146
|
| 856 |
4 |
0 |
|z Full text available from Research Library: 01/01/2013 to present
|u https://search.proquest.com/publication/2035765
|
| 856 |
4 |
0 |
|z Full text available from PRISMA Database with HAPI Index: 01/01/2013 to 01/31/2015
|u https://search.proquest.com/publication/2036003
|